000 01853nam a2200409 c 4500
003 BLK
005 20220117100328.0
008 180411b bul|||||r ||||||| ||bul||
010 _aKNG00185074000
020 _a978-954-26-1491-3
_bиздат.: Хермес
040 _aBLK
041 _aBUL
_cBUL
072 7 _2bullib
_aН33
_xИкономика Н
080 _aИкономическа психология. Икономическо поведение. Физиологични и психологични елементи. Интереси. Икономически дух
_b330.16
_x
_z330.16
080 _aЕтика на бизнеса. Успех
_b174.4
_x
_z174.4
100 1 _aГледачев, Светозар Маринов
_eпърви автор
_954378
139 _aГледачев, Светозар Маринов
_bГ 54
245 1 0 _aНе си отивай, щастливецо!
_bКартини от една епоха
_cСветозар Маринов Гледачев.
257 _aBGR
260 Пловдив
_bХермес
_c2015
_fСофия : Алианс принт
300 _a295 с.
_c21 см
380 _a3
500 _aСъдържа и за авт. Продълж. на Добър ден, нещастнико!
650 4 _aИкономическо поведение
_9245306
650 4 _aСтопанска етика
_9261791
650 4 _aЕтика, професионална
_9276602
653 _aбизнес поведение
653 _aикономическо поведение
653 _aстопанска етика
653 _aпрофесионална етика
659 _aН
852 _aЦб 278279
856 4 _qpdf
_u
856 4 _qpdf
_u
942 _cKNG
_n0
_03
944 _aCR
_c27.11.2015
_lф /
_kВиолета_Тройчева
944 _aED
_c10.06.2016
_lф /
_kПенка_Димитрова
999 _c176451
_d176451